Origine des styles musicaux - Statistiques

Statistiques générales
  • Ce quiz a été pris 567 fois
  • Le résultat moyen est 21 sur 24
Statistiques - réponses
Hint Réponse % Correct
Blues États-Unis
100%
Jazz États-Unis
100%
Rock’n’roll États-Unis
100%
Country États-Unis
100%
Hip-hop États-Unis
100%
Techno États-Unis
100%
House États-Unis
100%
Gospel États-Unis
100%
Flamenco Espagne
99%
Samba Brésil
98%
Bossa Nova Brésil
98%
K-pop Corée du Sud
96%
Reggae Jamaïque
95%
Dancehall Jamaïque
95%
Musique classique Allemagne / Autriche
94%
J-pop Japon
94%
Tango Argentine
92%
Opéra Italie
90%
Fado Portugal
85%
Valse Autriche
84%
Raï Algérie
77%
Salsa Cuba
64%
Afrobeat Nigéria
49%
Polka République tchèque
41%
Aucun quiz correspondant
Distribution des résultats
% des personnes avec chaque résultat
Percentile par nombre de réponses
Votre historique - résultats
Vous n’avez pas pris ce quiz